<?xml version="1.0" encoding="UTF-8"?>
<record
    xmlns:xsi="http://www.w3.org/2001/XMLSchema-instance"
    xsi:schemaLocation="http://www.loc.gov/MARC21/slim http://www.loc.gov/standards/marcxml/schema/MARC21slim.xsd"
    xmlns="http://www.loc.gov/MARC21/slim">

  <leader>00762nam a2200169 i 4500</leader>
  <controlfield tag="001">190187</controlfield>
  <controlfield tag="003">ES-MaACL</controlfield>
  <controlfield tag="005">20230906223647.0</controlfield>
  <controlfield tag="008">200909s1877    sp           |||| | spa d</controlfield>
  <datafield tag="111" ind1="0" ind2=" ">
    <subfield code="a">Exposici&#xF3;n Nacional Vin&#xED;cola (</subfield>
    <subfield code="d">1877. </subfield>
    <subfield code="c">Madrid)</subfield>
    <subfield code="9">708</subfield>
  </datafield>
  <datafield tag="245" ind1="1" ind2="0">
    <subfield code="a">Exposici&#xF3;n Nacional Vin&#xED;cola de 1877 </subfield>
    <subfield code="b">: idea general de las salas e instalaciones.</subfield>
  </datafield>
  <datafield tag="260" ind1=" " ind2=" ">
    <subfield code="a">[S.l.] : </subfield>
    <subfield code="b">[s.n.], </subfield>
    <subfield code="c">1877 (</subfield>
    <subfield code="e">Madrid : </subfield>
    <subfield code="f">Imp., Estereotipia y Galvanoplastia de Aribau y C&#xAA;)</subfield>
  </datafield>
  <datafield tag="300" ind1=" " ind2=" ">
    <subfield code="a">[1] h. pleg. de plano, 29 p. ; </subfield>
    <subfield code="c">21 cm.</subfield>
  </datafield>
  <datafield tag="500" ind1=" " ind2=" ">
    <subfield code="a">"Cap&#xED;tulo que forma parte de los preliminares del cat&#xE1;logo general, adicionado con un resumen provisional del n&#xFA;mero de expositores"</subfield>
  </datafield>
  <datafield tag="650" ind1=" " ind2="4">
    <subfield code="a">Industria vitivin&#xED;cola-</subfield>
    <subfield code="z">Espa&#xF1;a.</subfield>
    <subfield code="9">170300</subfield>
  </datafield>
  <datafield tag="852" ind1=" " ind2=" ">
    <subfield code="a">ES-MaACL</subfield>
    <subfield code="j">T-679-4</subfield>
  </datafield>
  <datafield tag="999" ind1=" " ind2=" ">
    <subfield code="c">190187</subfield>
    <subfield code="d">190187</subfield>
  </datafield>
  <datafield tag="952" ind1=" " ind2=" ">
    <subfield code="0">0</subfield>
    <subfield code="1">0</subfield>
    <subfield code="4">0</subfield>
    <subfield code="7">0</subfield>
    <subfield code="8">Colecci&#xF3;n_de_folletos</subfield>
    <subfield code="a">ATENEOM</subfield>
    <subfield code="b">ATENEOM</subfield>
    <subfield code="c">DEPOF</subfield>
    <subfield code="d">2005-05-14</subfield>
    <subfield code="e">SC</subfield>
    <subfield code="l">0</subfield>
    <subfield code="o">T-679-F-4</subfield>
    <subfield code="p">1201947</subfield>
    <subfield code="r">2023-02-23 00:00:00</subfield>
    <subfield code="w">2023-02-23</subfield>
    <subfield code="y">FOLLETOS</subfield>
  </datafield>
</record>
